00343nam a2200133Ia 4500008004100000020001500041041000800056082001900064100002100083245002300104260006000127300000800187365001400195140306s9999 xx 000 0 und d a0135576784 aeng a658.83bWEI/MA aWeiers, Ronald M aMarketinf research aNew DelhibPrentice-Hall of India Private Limitedc1984 a588 bUSD.52.00